000 00680nam a2200229Ia 4500
005 20260429112027.0
008 260429s9999||||xx |||||||||||||| ||und||
020 _a9781032660325
041 _aEnglish
082 _a006.31
_bCUE
100 _aCuevas, Erik
245 0 _aImage processing and machine learning :
_badvanced topics in image analysis and machine learning, Vol. 2 /
_cErik Cuevas
250 _a1st ed.
260 _aBoca Raton :
_bCRC Press,
_c2024.
300 _axiv, 223 p.; hb
440 _vVol. 2
650 _a Artificial intelligence
650 _a Machine learning
650 _aComputer science
700 _a Rodriguez, Alma Nayeli
942 _cTB
999 _c51969
_d51969